000 00673nam a2200241Ia 4500
003 OSt
005 20220928101739.0
006 a|||||r|||| 00| 0
007 ta
008 220927b |||||||| |||| 00| 0 eng d
024 _a60153
037 _cTextual
040 _aSDCL
_cSDCL
_beng
041 _2eng
_aeng
082 _aR641X1,1, L9
100 _aBhatt Kumar
_9394688
245 0 _aMimanshashlokkvartik.
260 _aDarbhanga
_bKameshwar Singh Darbhanga Sanskrit Vishwavidalya
_c1979
300 _a1210p.
_ccm.
700 _a Jha Durga Cm.
_9394689
942 _hR641X1,1, L9
_cTEXL
_2CC
999 _c710292
_d710292